Canadian secret mark stamps, 1935-1966 (Record no. 2784)

000 -LEADER
fixed length control field 00352nam a22000977a 4500
008 - FIXED-LENGTH DATA ELEMENTS--GENERAL INFORMATION
fixed length control field 180625b ||||| |||| 00| 0 eng d
100 ## - MAIN ENTRY--AUTHOR'S NAME
Author's Name Satfield, Garret
245 ## - TITLE STATEMENT
Title Canadian secret mark stamps, 1935-1966
260 ## - PUBLICATION, DISTRIBUTION, ETC. (IMPRINT)
Place of publication, distribution, etc. La Habra, Ca
Name of publisher, distributor, etc. author
Date of publication, distribution, etc. 1965
650 ## - TOPICAL TERM (Tag)
Topical term or geographic name Canada | Plate Markings | Production | Engraving | 1935-1966 | 20th Century | British Commonwealth
Holdings
Withdrawn status Lost status Source of classification or shelving scheme Damaged status Koha normalized classification for sorting Not for loan Collection code Permanent Location Current Location Shelving location Date acquired Total Checkouts Full call number Barcode Date last seen Copy number Price effective from
        G3401 P717 S253     Northern Philatelic Library Northern Philatelic Library General Stacks 06/25/2018   G3401 P717 S253 1005164 06/25/2018 1 06/25/2018

Powered by Koha